|
|
|
|
| LEADER |
00000nab a2200000 a 4500 |
| 001 |
vtls000177997 |
| 003 |
SK-MaSNL |
| 005 |
20260303174204.0 |
| 008 |
160215c1984 xo 0 slo |
| 015 |
|
|
|a SNBRB19rr/mm-uuuuu
|
| 035 |
|
|
|a CL0188110
|
| 040 |
|
|
|a SNKBUCL
|b slo
|c SNKBUCL
|e AACR2
|
| 041 |
0 |
|
|a slo
|
| 044 |
|
|
|a xo
|c SK
|
| 080 |
|
|
|a 82.09:885.4-94(048)
|2 1981
|
| 080 |
|
|
|a 885.4-94(048)
|2 1981
|
| 100 |
1 |
|
|a V.H.
|4 aut
|9 590286
|
| 245 |
1 |
0 |
|a Spomienky Jána Korenku
|c V.H. ; Ján Korenko
|
| 650 |
0 |
7 |
|a prózy autobiografické
|2 snkbucl
|9 920395
|
| 650 |
0 |
7 |
|a literatúra faktu
|2 snkbucl
|9 18459
|
| 655 |
|
7 |
|a články z novín a časopisov
|2 snkbucl
|9 267496
|
| 655 |
|
7 |
|a články z odboru literárna veda a krásna literatúra
|2 snkbucl
|9 770045
|
| 700 |
1 |
|
|a Korenko, Ján Juraj,
|d 1915-1995
|4 aut
|9 37640
|
| 773 |
0 |
|
|t Nové knihy
|g Č. 13 (1984), s. 4
|
| 787 |
0 |
8 |
|i Rec.:
|a Korenko, Ján
|t Slnko nad hlavou
|d Bratislava : Slovenský spisovateľ, 1983
|
| 850 |
|
|
|a Slovenská národná knižnica v Martine
|a MTA001
|
| 852 |
|
|
|a SNK
|b KIS3GCP
|
| 958 |
|
|
|a BX
|
| 958 |
|
|
|a RK
|
| 958 |
|
|
|a LX
|
| 992 |
|
|
|a RBX
|
| 999 |
|
|
|c 2095589
|d 2097519
|